000 02192nam a2200373 a 4500
999 _c28013
_d27984
001 ocn187293001
003 EG-ScBUE
005 20200210092206.0
008 071220s2008 enka f bd 001 0 eng d
020 _a9780240810249 (pbk.)
035 _a(OCoLC)ocn187293001
_z(OCoLC)ocn182656717
040 _aUKM
_beng
_erda
_cUKM
_dYDXCP
_dBAKER
_dBTCTA
_dBWKUK
_dBWK
_dEG-ScBUE
082 0 4 _a070.194
_bBOY
_222
100 1 _aBoyd, Andrew,
_d1956-
_eauthor.
_939634
245 1 0 _aBroadcast journalism :
_btechniques of radio and television news /
_cAndrew Boyd, Peter Stewart, Ray Alexander.
250 _aSixth edition.
264 1 _aOxford, UK ;
_aBurlington, MA :
_bFocal Press :
_bElsevier,
_c[2008]
264 4 _cc2008
300 _axix, 377 pages :
_billustrations ;
_c25 cm
336 _2rdacontent
_atext
_btxt
337 _2rdamedia
_aunmediated
_bn
338 _2rdacarrier
_avolume
_bnc
500 _aIncludes glossary.
504 _aIncludes bibliographical references and index.
520 _a"This newest edition of Broadcast Journalism continues its long tradition of covering the basics of broadcasting - gathering news sources, interviewing, putting together a programme, news writing, reporting, editing, working in the studio, conducting live reports, and more. Two new authors have joined forces in this new edition to present behind the scenes perspectives on multimedia broadcast news, where it is heading, and how you get there." "Technology is meshing global and local news. Constant interactivity between on-the-scene reporting and nearly instantaneous broadcasting to the world has changed the very nature of how broadcast journalists must think, act, write and report on a 24/7 basis. This new edition takes up this digital workflow and convergence. Students of broadcast journalism and professors alike will find that the sixth edition of Broadcast Journalism is completely up-to-date."
650 7 _aBroadcast journalism.
_2BUEsh
_937808
653 _bBUSBOL
_cFebruary2020
655 _vReading book
700 1 _aStewart, Peter
_q(Peter John)
_eauthor.
700 1 _aAlexander, Ray,
_eauthor.
942 _2ddc
_cBB
980 _b43.49
_g1